Missing Word: 'So' Movie Starters Quiz Stats

 Plays Quiz Updated Oct 14, 2019

Score 0/18 Timer 03:00
142 Plays Today
Hint Word % Correct
Some Like It _____Hot
95.9%
Solo: A _____ Wars StoryStar
95.5%
Something's Gotta _____Give
94.9%
Something to Talk _____About
93.8%
Sophie's _____Choice
91.9%
So I _____ an Axe MurdererMarried
91.4%
Son of the Pink _____Panther
90.9%
Someone to _____ Over MeWatch
83.1%
Soylent _____Green
77%
Hint Word % Correct
Some Kind of _____Wonderful
72.1%
Someone _____ You...Like
71.3%
Song of the _____South
66.9%
Something _____ This Way ComesWicked
64.8%
Sometimes _____ Come BackThey
58.2%
Source _____Code
58.1%
South Park: Bigger, Longer & _____Uncut
53.4%
Sorry to _____ YouBother
46.1%
Some _____ RunningCame
41.8%

Today's Daily Dose

Word Ladder
Lean on Me

Get the Picture
Superhero by Villain

You're not logged in!

Compare scores with friends on all Sporcle quizzes.
OR
Log In

Sporcle TV

Today on Sporcle TV


Watch our educational content, quiz creation guides, and fun videos on Sporcle TV.

Show Comments

Extras

Top Quizzes Today


Score Distribution

Your Account Isn't Verified!

In order to create a playlist on Sporcle, you need to verify the email address you used during registration. Go to your Sporcle Settings to finish the process.

Report this User

Report this user for behavior that violates our Community Guidelines.

Details: